Los niños cuentan: libro de prácticas comunicativas

Este libro busca que las nuevas formas de comunicación contribuyan al desarrollo social, posibilitando el proceso de la educación para la comunicación, entendida como una lectura crítica que ayude a la formación y socialización de los niños.

Gespeichert in:
Bibliographische Detailangaben
1. Verfasser: López de la Roche, Maritza
Weitere Verfasser: Gómez Fries, María Griselda
Format: Buch
Sprache:Spanish
Veröffentlicht: Bogotá: Ministerio de Comunicaciones, [1996?]
Schlagworte:
Online Zugang:Enlace del recurso
Tags: Tag hinzufügen
Keine Tags, Fügen Sie den ersten Tag hinzu!

MARC

LEADER 00000nam a2200000 a 4500
001 000876
008 030415q1996 ck a fr# o000|0#spa#d
041 0 |a spa 
043 |a s-ck--- 
082 0 4 |a 370.14  |b L562n 
100 1 |a López de la Roche, Maritza 
245 1 4 |a Los niños cuentan:  |b libro de prácticas comunicativas   |c Maritza López de la Roche, María Griselda Gómez Fries 
260 |a Bogotá:  |b Ministerio de Comunicaciones,  |c [1996?] 
300 |a 198 p.:  |b il., tabl. 
504 |a Incluye bibliografía y directorio. 
520 3 |a Este libro busca que las nuevas formas de comunicación contribuyan al desarrollo social, posibilitando el proceso de la educación para la comunicación, entendida como una lectura crítica que ayude a la formación y socialización de los niños. 
650 1 4 |a COMUNICACIÓN EN EDUCACIÓN  |z COLOMBIA 
650 1 4 |a MEDIOS DE COMUNICACIÓN DE MASAS 
700 1 |a Gómez Fries, María Griselda 
999 |c 3028  |d 3028 
856 |u https://catalogo.idep.edu.co/cgi-bin/koha/opac-detail.pl?biblionumber=3028  |z Enlace del recurso